000
00462nam a2200157Ia 4500
008
100204s9999 xx 000 0 und d
082
_b
17020
100
_a
हॅरॉल्ड रॉबिन्स
245
_a
अमर
260
_b
"मेहता पब्लिशिंग हाऊस , पुणे"
_c
1993
300
_a
316
630
_a
अमर
700
_a
मांडे अरुण
730
_a
अमर
942
_c
BOOK
999
_c
461443
_d
461440